Rozpočtová politika SR v roku 1995. 1

Hodnotenie výsledkov rozpočtovej politiky Slovenskej republiky za r. 1995. Formovanie trhového prostredia a stabilizácia daňovej sústavy. Vplyv daňovej sústavy na úroveň a účinnosť rozpočtovej politiky.

Gespeichert in:
Bibliographische Detailangaben
1. Verfasser: Baránik, Michal
Format: Buchkapitel
Sprache:Slowakisch
Schlagworte:
Tags: Tag hinzufügen
Keine Tags, Fügen Sie das erste Tag hinzu!

MARC

LEADER 00000naa a2200000 4500
001 r022425
005 20230801104330.2
041 0 |a slo 
044 |a SK 
245 1 0 |a Rozpočtová politika SR v roku 1995. 1  |c Michal Baránik 
520 |a Hodnotenie výsledkov rozpočtovej politiky Slovenskej republiky za r. 1995. Formovanie trhového prostredia a stabilizácia daňovej sústavy. Vplyv daňovej sústavy na úroveň a účinnosť rozpočtovej politiky. 
610 2 0 |a politika rozpočtová 
610 2 0 |a Slovensko 
610 2 0 |a 1995 
610 2 0 |a politika hospodárska 
610 2 0 |a rozpočet štátny 
610 2 0 |a sústava daňová 
610 2 0 |a hospodárstvo trhové 
100 1 |a Baránik, Michal